000 00365cam a2200157ua 4500
003 OSt
008 250528b |||||||| |||| 00| 0 eng d
041 _aeng
082 _a624.17
_bLOW/ST
100 _aLow, Bevis Brund .
_97510
245 _aStrength of materials /
250 _a1 /
260 _aLondon :
_bLongman ,
_c1960.
300 _a320 ; .
942 _cBK
999 _c5638
_d5638